000 00568nam a2200181Ia 4500
003 OSt
005 20240215111545.0
008 210210b1932 xxu||||| |||| 00| 0 eng d
040 _cAL
041 _aKannada
082 _a852/216
100 _aGURU BASAVAPPA FAKIRAPPA ಗುರು ಬಸವಪ್ಪಾ ಫಕೀರಪ್ಪಾ
_9151470
245 _aSiddharameshvarana vachanagalu
_bಸಿದ್ಧರಾಮೇಶ್ವರನ ವಚನಗಳು
260 _aMangaluru
_b-
_c1932
690 _aKannada Prose
_9151471
906 _a018784
942 _2ddc
_cBK
999 _c142338
_d142338